00826 a2200205 4500010001400000020002300014035001300037037001600050082001100066090001700077100002700094245012200121260005200243270009900295300002700394500002000421942002600441999001700467952013600484 aENG-90094 c470.00a8182201365 aEN-73627 bDBAD / PUB14a320.11 c12464d124641 aRousseau, Jean Jacques1 aDiscourse on the origin and the foundations of inequality among men/cby Jean Jacques Rousseau; edited by N. K. Singh aNew DelhibGlobal Vision Publishing Housec2006 aF-4, 1st Floor, `Hari Sadan' 20, Ansari Road, Daryaganj,bNew Delhie110 002cDelhik32971125, avi, 181p.c23 cm ( Hb) aIncludes index. adplcENk320.11 / ROU c12107d12107 00102ddc40718NFICaDBADbDBADeDBAD/PUBg470.00l0o320.11 ROUpEN-73627r2008-09-15 00:00:00t1u13263v470.00w2008-09-15yEN